Danish West Indies Mails, 1754-1917 Volume 2 (Record no. 994)

000 -LEADER
fixed length control field 00315nam a22001337a 4500
003 - CONTROL NUMBER IDENTIFIER
control field OSt
008 - FIXED-LENGTH DATA ELEMENTS--GENERAL INFORMATION
fixed length control field 150215b xxu||||| |||| 00| 0 eng d
020 ## - INTERNATIONAL STANDARD BOOK NUMBER
International Standard Book Number 0-934984-02-6
041 ## - LANGUAGE CODE
Language code of text/sound track or separate title eng
050 00 - LIBRARY OF CONGRESS CALL NUMBER
Classification number 79-90046
100 1# - MAIN ENTRY--PERSONAL NAME
Personal name Engstrom, Victor E
245 10 - TITLE STATEMENT
Title Danish West Indies Mails, 1754-1917 Volume 2
300 ## - PHYSICAL DESCRIPTION
Extent 0 pages
Holdings
Withdrawn status Lost status Source of classification or shelving scheme Damaged status Not for loan Permanent Location Current Location Shelving location Date acquired Total Checkouts Full call number Barcode Date last seen Price effective from Koha item type
          Northern Philatelic Library Northern Philatelic Library Closed Stacks 02/15/2015   G5011 .P856 D186 1001313 06/28/2015 06/28/2015 Books

Powered by Koha